| 000 | 00979cam a2200313 a 4500 | ||
|---|---|---|---|
| 999 |
_c522604 _d522604 |
||
| 001 | 13357419 | ||
| 003 | NUST | ||
| 005 | 20181210051223.0 | ||
| 008 | 030930s2001 enk 000 0 eng | ||
| 010 | _a 2003374990 | ||
| 020 | _a0340733225 (pbk.) | ||
| 020 | _a0340733217 (hbk) | ||
| 038 | _awaseem | ||
| 040 |
_aDLC _cDLC _dDLC |
||
| 050 | 0 | 0 |
_aB618 _b.F57 2001 |
| 082 | 0 | 0 |
_a188 _bFOR |
| 100 | 1 |
_aForstater, Mark. _912652 |
|
| 245 | 1 | 4 |
_aThe spiritual teachings of Seneca / _cMark Forstater and Victoria Radin. |
| 246 | 3 | 0 | _aSeneca |
| 260 |
_aLondon : _bCoronet Books, _c2001. |
||
| 300 |
_a175 p. ; _c20 cm. |
||
| 440 | 0 |
_aSpiritual teachings _912653 |
|
| 600 | 1 | 0 |
_aSeneca, Lucius Annaeus, _dapproximately 4 B.C.-65 A.D. _912654 |
| 650 | 0 |
_aStoics. _912655 |
|
| 700 | 1 |
_aRadin, Victoria. _912656 |
|
| 906 |
_a7 _bcbc _corignew _d2 _encip _f20 _gy-gencatlg |
||
| 942 |
_2ddc _cBK |
||